UBT Library

A course in modern timber engineering; (Record no. 42385)

000 -LEADER
fixed length control field 00693cam a22002411 4500
001 - CONTROL NUMBER
control field 6473131
005 - DATE AND TIME OF LATEST TRANSACTION
control field 20180213071215.0
008 - FIXED-LENGTH DATA ELEMENTS--GENERAL INFORMATION
fixed length control field 770927s1946 xx 000 0 eng
010 ## - LIBRARY OF CONGRESS CONTROL NUMBER
LC control number 47000835
035 ## - SYSTEM CONTROL NUMBER
System control number (OCoLC)3300227
040 ## - CATALOGING SOURCE
Original cataloging agency DLC
Transcribing agency OC
Modifying agency DLC
041 ## - LANGUAGE CODE
Language code of text/sound track or separate title eng
042 ## - AUTHENTICATION CODE
Authentication code premarc
080 ## - UNIVERSAL DECIMAL CLASSIFICATION NUMBER
Universal Decimal Classification number 694.1 SCO
082 ## - DEWEY DECIMAL CLASSIFICATION NUMBER
Classification number 694.1 SCO
100 1# - Rafti
Rafti 27
101 ## - Shkurtesa
Shkurtesa IM
245 12 - TITLE STATEMENT
Title A course in modern timber engineering;
Statement of responsibility, etc by Howard J. Hansen. Revised by W. Fleming Scofield.
504 ## - BIBLIOGRAPHY, ETC. NOTE
Bibliography, etc Bibliography: p. 85-86.
740 0# - ADDED ENTRY--UNCONTROLLED RELATED/ANALYTICAL TITLE
Uncontrolled related/analytical title Timber engineering.
906 ## - LOCAL DATA ELEMENT F, LDF (RLIN)
a 7
b cbc
c oclcrpl
d u
e ncip
f 19
g y-gencatlg
942 ## - ADDED ENTRY ELEMENTS (KOHA)
Source of classification or shelving scheme
Item type Books
Holdings
Withdrawn status Lost status Source of classification or shelving scheme Damaged status Not for loan Collection code Permanent location Current location Shelving location Date acquired Total Checkouts Full call number Barcode Date last seen Price effective from Koha item type
          Koleksioni i përgjithshem UBT - Lipjan UBT - Lipjan Koleksioni i përgjithshem 02/13/2018   694.1 SCO 002-2998062 02/13/2018 02/13/2018 Books
UBT Library © 2015-2024. All rights reserved University Education for Business and Technology